Komunitné centrum

Guardado en:
Detalles Bibliográficos
Autor principal: Tomková, Terézia (Autor)
Otros Autores: Puškár, Branislav (Orientador)
Formato: Manuscrito Libro
Lenguaje:eslovaco
Publicado: Bratislava 2020
Materias:
Acceso en línea:http://is.stuba.sk/zp/portal_zp.pl?podrobnosti=139239
Etiquetas: Agregar Etiqueta
Sin Etiquetas, Sea el primero en etiquetar este registro!

MARC

LEADER 00000ntm a22000003a 4500
001 stuzp80398
003 SK-STU
005 20200810103930.2
007 ta
008 150427s2015----xo-----f-mn---000-0-slo-d
040 |a STU  |b slo 
041 0 |a slo 
100 1 |a Tomková, Terézia  |u 051110  |4 aut  |U FAD Fakulta architektúry  |T FA Ústav architektúry obytných budov  |X 88226  |U A1110  |Y 392  |7 88226 
242 0 1 |a Community Center  |y eng 
245 1 0 |a Komunitné centrum 
260 |c 2020  |a Bratislava 
650 4 |a komunitné centrum  |2 slo 
650 4 |a Pistoriho palác  |2 slo 
650 4 |a nádvorie  |2 slo 
650 4 |a projekt stavby  |2 slo 
650 4 |a Pistori Palace  |2 eng 
650 4 |a community center  |2 eng 
650 4 |a construction project  |2 eng 
650 4 |a courtyard  |2 eng 
700 1 |a Puškár, Branislav  |u 051110  |k Z1  |4 ths  |U FAD Fakulta architektúry  |T FA Ústav architektúry obytných budov  |X 5199  |U A1110  |Y 392  |7 A000005199 
856 4 |u http://is.stuba.sk/zp/portal_zp.pl?podrobnosti=139239  |u https://opac.crzp.sk/?fn=detailBiblioForm&sid=2C8AB4190B6536A9D382127B1CEB